Services Marketing Concepts Planning and Implimentation (Record no. 3485)
[ view plain ]
| 000 -LEADER | |
|---|---|
| fixed length control field | 00313nam a2200121Ia 4500 |
| 008 - FIXED-LENGTH DATA ELEMENTS--GENERAL INFORMATION | |
| fixed length control field | 191201s2006 xx 000 0 und d |
| 100 ## - MAIN ENTRY--PERSONAL NAME | |
| Personal name | BHATTACHARJEEE, C |
| 245 #0 - TITLE STATEMENT | |
| Title | Services Marketing Concepts Planning and Implimentation |
| 260 ## - PUBLICATION, DISTRIBUTION, ETC. (IMPRINT) | |
| Place of publication, distribution, etc | - |
| Name of publisher, distributor, etc | Excel Books |
| Date of publication, distribution, etc | 2006 |
| 300 ## - PHYSICAL DESCRIPTION | |
| Extent | 696 |
| 650 ## - SUBJECT ADDED ENTRY--TOPICAL TERM | |
| Topical term or geographic name as entry element | MBA |
| 942 ## - ADDED ENTRY ELEMENTS (KOHA) | |
| Source of classification or shelving scheme | Dewey Decimal Classification |
| Koha item type | Text Books |
| Withdrawn status | Lost status | Source of classification or shelving scheme | Damaged status | Not for loan | Collection code | Home library | Current library | Date acquired | Source of acquisition | Cost, normal purchase price | Bill Number | Total Checkouts | Full call number | Acc. no. / Barcode | Date last seen | Bill Date | Koha item type | Date last borrowed | Public note |
|---|---|---|---|---|---|---|---|---|---|---|---|---|---|---|---|---|---|---|---|
| Dewey Decimal Classification | MBA | PIET C-LIBRARY | PIET C-LIBRARY | 03/10/2008 | J B C, New Delhi | 350.00 | S1-2181 | 658.8 BHS | 9177 | 04/12/2019 | 01/08/2008 | Text Books | |||||||
| Dewey Decimal Classification | MBA | PIET C-LIBRARY | PIET C-LIBRARY | 03/10/2008 | J B C, New Delhi | 350.00 | S1-2181 | 1 | 658.8 BHS | 9178 | 25/11/2023 | 01/08/2008 | Text Books | 22/01/2022 | . | ||||
| Dewey Decimal Classification | MBA | PIET C-LIBRARY | PIET C-LIBRARY | 03/10/2008 | J B C, New Delhi | 350.00 | S1-2181 | 658.8 BHS | 9179 | 04/12/2019 | 01/08/2008 | Text Books | |||||||
| Dewey Decimal Classification | MBA | PIET C-LIBRARY | PIET C-LIBRARY | 03/10/2008 | J B C, New Delhi | 350.00 | S1-2181 | 1 | 658.8 BHS | 9180 | 11/12/2025 | 01/08/2008 | Text Books | 02/12/2025 | |||||
| Dewey Decimal Classification | MBA | PIET C-LIBRARY | PIET C-LIBRARY | 03/10/2008 | J B C, New Delhi | 350.00 | S1-2181 | 658.8 BHS | 9181 | 04/12/2019 | 01/08/2008 | Text Books | |||||||
| Dewey Decimal Classification | MBA | PIET C-LIBRARY | PIET C-LIBRARY | 03/10/2008 | J B C, New Delhi | 350.00 | S1-2181 | 658.8 BHS | 9182 | 04/12/2019 | 01/08/2008 | Text Books |